000 00547nam a22001817a 4500
999 _c158064
_d158064
005 20181015121512.0
010 _aENG-124280
020 _c100.00
_a9789381899601
035 _aEN-107812
037 _bDBAD/PUB
082 _a070.43
100 _aGhanta, Chandra Shekhar
245 _aReporting foir the print media /
_c by Chandra Shekhar Ghanta
260 _aChennai
_bShakthi Pathippagam
_c2013
270 _a12, Ann Street, Chitlapakkam,
_bChennai
_e600064
300 _a163p.
_c21cm(pbk)
942 _2ddc
_cEN
_mGHA
_h070.43